| 000 | 00462nam a2200145Ia 4500 | ||
|---|---|---|---|
| 008 | 220204s9999 xx 000 0 und d | ||
| 082 |
_a338.22(540) _bWAD |
||
| 245 | 0 | _aSome problems of India's economic policy: Selected readings on planning, agriculture and foreign trade | |
| 260 |
_aNew Delhi _bTata McGraw Hill _c1977 |
||
| 650 | _aFive year plan | ||
| 650 | _aGreen revolution | ||
| 650 | _aIncome distribution | ||
| 700 | _aWADHVA, Charan D | ||
| 942 | _cBK | ||
| 999 |
_c27721 _d27721 |
||